Fifa 21 Top 25 RW/RM - Statistics

General Stats
  • This quiz has been taken 59 times
  • The average score is 14 of 25
Answer Stats
Rating Club Player % Correct
93 FC Barcelona Lionel Messi
100%
90 Liverpool Mohamed Salah
98%
87 PSG Angel Di Maria
94%
85 Manchester City Riyad Mahrez
94%
87 Borussia Dortmund Jadon Sancho
92%
85 Bayern Munich Serge Gnabry
92%
87 Manchester City Bernardo Silva
90%
83 Tottenham Hotspur Lucas Moura
65%
83 Tottenham Hotspur Gareth Bale
57%
82 Arsenal Nicolas Pepe
57%
81 Liverpool Xherdan Shaqiri
47%
82 Atletico Madrid Angel Correa
45%
81 Manchester City Ferran Torres
43%
82 Olympique Marseille Florian Thauvin
39%
84 FC Porto Jesus Corona
39%
82 Arsenal Willian
39%
84 SL Benfica Pizzi
37%
83 Inter Milan Achraf Hakimi
35%
83 LAFC Carlos Vela
35%
83 Medipol Basaksehir Edin Visca
35%
81 PSG Pablo Sarabia
35%
82 Bayer Leverkusen Karim Bellarabi
31%
82 Sevilla FC Lucas Ocampos
31%
83 Real Sociedad Cristian Portu
29%
81 Shakhtar Donetsk Marlos
22%
No matching quizzes found
Score Distribution
Percent of People with Each Score
Percentile by Number Answered
Your Score History
You have not taken this quiz